|
|
|
|
| LEADER |
00000nab a2200000 ar4500 |
| 001 |
vtls008962574 |
| 003 |
SK-MaSNL |
| 005 |
20260303070727.0 |
| 008 |
070410c2007 xo mr|p|||||||000 b|slo |
| 015 |
|
|
|a SNBRB2007/04
|2 snkbucl
|
| 038 |
|
|
|a SNKBUCL
|
| 040 |
|
|
|a SNKBUCL
|b slo
|c SNKBUCL
|e AACR2
|
| 041 |
0 |
|
|a slo
|
| 044 |
|
|
|a xo
|c SK
|
| 080 |
|
|
|a 791.221.27
|x (437.3)
|2 2001
|
| 100 |
1 |
|
|a Filová, Eva
|4 aut
|9 622237
|
| 245 |
1 |
0 |
|a Žena má cenu, kým odoláva
|c Eva Filová
|
| 300 |
|
|
|b Fotogr.
|
| 500 |
|
|
|a Réžia Věra Chytilová
|
| 630 |
0 |
7 |
|a Hezké chvilky bez záruky (film)
|2 snkbucl
|9 1068535
|
| 655 |
|
7 |
|a recenzie
|2 snkbucl
|9 21907
|
| 773 |
0 |
|
|t Film.sk
|g Roč. 8, č. 4 (2007), s. 34-35
|x 1335-8286
|
| 852 |
|
|
|a SNK
|b KIS3GCP
|
| 958 |
|
|
|a CZ
|
| 958 |
|
|
|a RC
|
| 999 |
|
|
|c 1756669
|d 1758599
|